000 02109nam a22003377a 4500
005 20090119143636.0
008 090119t xxu||||| |||| 00| 1 eng d
010 _aB-357778
020 _a9788123710969
_c12.00
035 _aB-357778
035 _aB-345453-457
037 _bTarun Books
040 _adpl
_bEnglish
082 _aS
100 _aChakravarti, Pranab
245 _aOur tree /
_cby Pranab Chakrawarti [and] Smita Chakrawarti; illustrated by Pranab Chakravarti
260 _aNew Delhi
_bNational Book Trust
_c2008 (repr.)
270 _aA-5 Green Park
_bNew Delhi
_e110016
300 _aUnpaged :
_bcol. photos
_c18cm. (pbk)
490 _aNehru Bal Pustakalaya
700 _aChakravarti, Pranab
942 _2ddc
_cCH
_hS
_mCHA
999 _c21344
_d21344